| 000 | 004540000a22001930004500 | ||
|---|---|---|---|
| 003 | LK-CoMWRAF | ||
| 005 | 20231015074037.0 | ||
| 008 | 230817t ||||| |||| 00| 0 eng d | ||
| 020 | _a0571148271 | ||
| 040 |
_aLK-CoMWRAF _dLK-CoMWRAF _eLK-CoMWRAF |
||
| 041 | _aeng | ||
| 082 |
_a823 _bSET |
||
| 100 | _aSeth, Vikram | ||
| 245 | _aThe Golden Gate | ||
| 260 |
_aNew York : _bRandom, _c1987 |
||
| 300 | _a307p | ||
| 650 | _aEnglish Fiction | ||
| 942 | _cBK | ||
| 999 |
_c731 _d731 |
||